000 00586cam a2200205 4500
001 B2587
008 090401t1989 xxu||||| |||| 00| 0 eng d
035 _a(Sirsi) u51023
041 _aeng
050 _a333.0062
090 _aRICS 1989/75AB
110 _aRoyal Institution of Chartered Surveyors
_94900
245 _aR.I.C.S. conference, 11-14 October `89, Paris: revised list of participants
260 _aLondon
_bInstitution and College Conferences
_c1989
300 _a15p. ; 30cm.
350 _a10
650 _aANNUAL CONFERENCE 1989
942 _n0
948 _c04/03/1997
999 _c92799
_d92799